Datum a čas kvízu
19.5
Celkem bodů
Celkový počet nahraných bodů na tomto kvízu bez doplňovacích otázek.
6.
Pořadí na kvízu
Konečné umístění týmu na tomto kvízu.
Zaznamenané odpovědi
| # | Otázka | Odpověď | Body | Výsledky |
|---|---|---|---|---|
| 1. | Jedna státní instituce prostře... | Státní ústav pro kontrolu léčiv | 0 | |
| 2. | Na letišti v Helsinkách začali... | psi | 1 | |
| 3. | V pondělí bylo v pražském hist... | Divadlo Lucie Bílé | 0 | |
| 4. | Velká potravinářská společnost... | PepsiCo | 0 | |
| 5. | Uruguayský fotbalista Luis Suá... | italštinu | 0 | |
| 6. | Podle zdroje vody se rybníky d... | říční rybník | 0 | |
| 7. | Na obrázku vidíme u nás velmi... | okoun | 1 | |
| 8. | Jak se jmenuje červeně vyznače... | Svět | 0 | |
| 9. | Většina rybníků disponuje jist... | česle / česlice | 0 | |
| 10. | Dle návrhu Štěpánka Netolickéh... | Zlatá stoka | 0 |